000 00390nam a2200181Ia 4500
005 20250603145412.0
008 250603s9999 xx 000 0 und d
020 _a9789784950701
050 _aPR 9378 .M35/
100 _aMaiwade, Ahmed
245 0 _aMusdoki
260 _aAbuja
260 _bMazariyya Books
260 _c2010
300 _a215 p
650 _aAbuja
942 _cBK
999 _c41753
_d41753